01403nam a22001697a 4500999001900000008004100019100005400060245012000114260003300234300003200267520068000299650008500979773003201064906002301096942000701119952010701126 c517553d517553210720b ||||| |||| 00| 0 eng d aVaagaasar, A.L., Hernes, T. and Dille, T. 926781 aThe challenges of implementing temporal shifts in temporary organizations: Implications of a situated temporal view aProject Management Journal  a51(4), Aug, 2020: p.420-428 aWe apply a situated temporal view to reveal the acute challenge actors face in making changes when their project moves toward its final deadline. A situated temporal view takes account not just of the dwindling time left to change the future but also the lingering past, the combination of which poses particular challenges to organizers. We discuss aspects of temporary organizing that make such temporal shifts challenging: the complex interplay between temporal structures and practices, multiple temporal orientations, and deferred timing of temporal shifts. We suggest ideas for further research to apply a situated temporal view to temporary organizing. – Reproduced  aTemporary organization, Project, Time frame, Shifts, Situated temporality925435 aProject Management Journal  aPROJECT MANAGEMENT cAR 00102ddc40709391622aIIPAbIIPAd2021-07-20h51(4), Aug, 2020: p.420-428pAR124832r2021-07-20yAR